Minecraft General Knowledge #1 - Statistics

General Stats
  • This quiz has been taken 519 times
  • The average score is 12 of 20
Answer Stats
Hint Answer % Correct
What mob(s) are creepers scared of? Cat / Ocelot
97%
What two mobs drop raw porkchop? Pig
97%
What color is lapis? Blue
93%
What must be combined with water in order to make obsidian? Lava
91%
Which type of armor is the strongest in terms of stats? Netherite
88%
What must hit a creeper in order for it to be considered "charged"? Lightning
84%
What company currently owns Mojang? Microsoft
83%
What do phantoms drop? Phantom {Membrane}
74%
What two mobs drop raw porkchop? Hoglin
72%
What are Hypixel, Mineplex, and Cubecraft? Multiplayer servers
71%
How many real-life minutes does a Minecraft day last? 20
69%
What enchantment is required to obtain ice? Silk Touch
69%
What must one name a Minecraft mob in order to turn it upside down? "Dinnerbone" / "Grumm"
64%
What dye is obtained by combining pink and purple dye? Magenta
64%
Who is the current head developer of Minecraft? Jeb
49%
What block can be smelted from clay? Terracotta
33%
What furnace fuel lasts longer than coal but shorter than blocks of coal? Blaze rods
19%
What name is commonly given to the beta 1.8 version of the game? {Adventure} Update
12%
What is the rarest biome in the game? JungleEdge M
2%
What did coal ore originally drop when first added to the game? Stone slabs
1%
No matching quizzes found
Score Distribution
Percent of People with Each Score
Percentile by Number Answered
Your Score History
You have not taken this quiz